Semantic analysis and pragmatic aspects of US presidential campaign speechs: Donald Trump´s speech on foreign policy
Sémantická analýza a pragmatické aspekty americkej prezidentskej rečníckej kampane. Vybrané lexikálne a syntakticko-štylistické prostriedky používané v prejavoch zahraničnej politiky. Analýza a reakcie médií na danú rétoriku.
Enregistré dans:
| Auteur principal: | |
|---|---|
| Format: | Chapitre de livre |
| Langue: | anglais |
| Sujets: | |
| Tags: |
Pas de tags, Soyez le premier à ajouter un tag!
|
MARC
| LEADER | 00000naa$a2200000$$$4500 | ||
|---|---|---|---|
| 001 | 0223865 | ||
| 005 | 20240502073650.9 | ||
| 041 | 0 | |a eng | |
| 044 | |a SK | ||
| 245 | 1 | 0 | |a Semantic analysis and pragmatic aspects of US presidential campaign speechs: Donald Trump´s speech on foreign policy |c Daniela Breveníková |
| 520 | |a Sémantická analýza a pragmatické aspekty americkej prezidentskej rečníckej kampane. Vybrané lexikálne a syntakticko-štylistické prostriedky používané v prejavoch zahraničnej politiky. Analýza a reakcie médií na danú rétoriku. | ||
| 610 | 2 | 0 | |a rétorika |
| 610 | 2 | 0 | |a štylistika |
| 610 | 2 | 0 | |a zásoba slovná |
| 610 | 2 | 0 | |a sémantika |
| 610 | 2 | 0 | |a syntax |
| 610 | 2 | 0 | |a komunikácia |
| 610 | 2 | 0 | |a prejavy |
| 610 | 2 | 0 | |a kampane volebné |
| 100 | 1 | |a Breveníková, Daniela | |